[Event "Pfalz-ch HT2 87th"]
[Site "Landau"]
[Date "2018.03.24"]
[Round "2"]
[White "Hess, Wadim"]
[Black "Lesch, David"]
[Result "0-1"]
[WhiteElo "1241"]
[BlackElo "1190"]
[PlyCount "50"]
[EventDate "2018.03.23"]
[EventType "swiss"]
[EventRounds "7"]
[EventCountry "GER"]
[SourceTitle "EXT 2019"]
[Source "ChessBase"]
[SourceDate "2018.10.10"]
[SourceVersion "1"]
[SourceVersionDate "2018.10.10"]
[SourceQuality "1"]

1. e4 c6 2. Nc3 d5 3. exd5 cxd5 4. Bb5+ Nc6 5. Nf3 Nf6 6. d4 g6 7. Bg5 Bg7 8. Ne5 Bd7 9. Qf3 e6 10. Nxd7 Kxd7 11. Na4 Qa5+ 12. Nc3 Ke7 13. 0-0 Nxd4 14. Qd3 Nxb5 15. Nxb5 Rhc8 16. Rfe1 Kf8 17. a4 Kg8 18. Bd2 Qd8 19. Bf4 Ne4 20. c3 a6 21. Na3 Qb6 22. Be3 Qxb2 23. Bd4 Bxd4 24. Qxd4 Nxc3 25. Reb1 Ne2+ 0-1